| 000 | 03557nam0a2200469 4500 | ||
|---|---|---|---|
| 001 | RU\NLR\BIBL_A\016265531 | ||
| 005 | 20230314151311.0 | ||
| 010 |
_a978-5-91116-891-9 _9100 |
||
| 021 |
_aRU _bКН-П-22-089370 _9КН-П-22-7943 |
||
| 035 | _a(NLR Aleph) 016265531 | ||
| 090 |
_a12869386 _c12869386 |
||
| 100 | _a20230123d2019 k y0rusy50 ca | ||
| 101 | 0 |
_arus _deng |
|
| 102 | _aRU | ||
| 105 | _aa|||z|||100zy | ||
| 181 | 0 |
_ai _baxxe |
|
| 182 | 0 | _an | |
| 200 | 1 |
_aПушкин и литературный процесс _eматериалы Международной научной конференции "Северная Европа, Псков и Ганзейский союз в прошлом и настоящем", 21-23 мая 2019 г. _f[XXIX Международные Ганзейские дни нового времени], Министерство науки и высшего образования Российской Федерации, Псковский государственный университет, [Администрация Псковской области] _gредакционная коллегия: Н. В. Цветкова (отв. редактор) [и др.] |
|
| 203 |
_aТекст _bвизуальный _cнепосредственный |
||
| 210 |
_aПсков _cПсковский государственный университет _d2019 |
||
| 215 |
_a183 с. _cил. _d21 |
||
| 300 | _aРез. англ. | ||
| 600 | 1 |
_aВершинина _bН. Л. _gНаталья Леонидовна _f1951 - 2019 _jСъезды, совещания и т.п _2nlr_sh2 _3RU\NLR\AUTH\661563263 |
|
| 600 | 1 |
_aПушкин _bА.С. _gАлександр Сергеевич _f1799 - 1837 _xи мировая литература _jСъезды, совещания и т.п _2nlr_sh1 _2nlr_sh2 _3RU\NLR\AUTH\66935103 |
|
| 606 | 1 |
_aМировая литература _xСвязи _xРусская литература _jСъезды, совещания и т.п _2nlr_sh2 _3RU\NLR\AUTH\661514555 |
|
| 686 | 1 | _aШ5(0)-318.3я431 | |
| 686 | 2 | _aШ5(2=Р)51-4Пушкин418.3 | |
| 686 | 2 | _aШ4г(2)7дВершинина | |
| 702 | 1 |
_aЦветкова _bН. В. _gНина Викторовна _4340 |
|
| 702 | 1 |
_aПушкин _bА. С. _cпоэт _f1799-1837 _gАлександр Сергеевич _3RU\NLR\AUTH\77386 _4280 |
|
| 711 | 1 | 2 |
_a"Пушкин и литературный процесс", научная конференция _f2019 _eПсков _3RU\NLR\AUTH\880583563 |
| 711 | 1 | 2 |
_a"Северная Европа, Псков и Ганзейский союз в прошлом и настоящем", международная научно-практическая конференция _f2019 _eПсков _3RU\NLR\AUTH\880533313 |
| 711 | 1 | 2 |
_aМеждународные Ганзейские дни нового времени _d39 _f2019 _eПсков _3RU\NLR\AUTH\880533315 |
| 712 | 0 | 2 |
_aПсковский государственный университет _3RU\NLR\AUTH\8810209930 _4475 |
| 942 | _cBOOK | ||
| 980 | _aNB | ||